|
|
|
|
| LEADER |
00000nam a22000007a 4500 |
| 005 |
20190103115635.0 |
| 007 |
cr|||| |||| |
| 008 |
190103s2018 br |||||s|||| 00||0 por d |
| 020 |
|
|
|a 978-85-361-9678-7
|
| 035 |
|
|
|a 22666
|
| 040 |
|
|
|a vLex
|
| 090 |
|
|
|c 8420
|d 8420
|
| 100 |
1 |
|
|a Souto Severo, Valdete
|
| 245 |
1 |
0 |
|a Proteȯ̂ ̉sad︢e e seguranȧ no trabalho
|h [Recurso electrn̤ico] /
|c Valdete Souto Severo, Luiz Eduardo Gunther, Amauri Cesar Alves
|
| 256 |
|
|
|a Servicio en ln̕ea
|
| 260 |
|
|
|a San Pablo:
|b LTR,
|c 2018
|
| 300 |
|
|
|a 1 recurso electrn̤ico
|
| 506 |
1 |
|
|a Disponible solo en los productos indicados
|d vLex Global
|d vLex Global (Academic Edition, excluding Law Schools)
|d vLex Global (U.S. Academic Edition, Law Schools)
|d vLex Global (U.S. Academic Edition, excluding Law Schools)
|d vLex Global (Academic Edition, Law Schools)
|
| 650 |
0 |
4 |
|a Derecho Laboral y Seguridad Social
|z Brasil
|
| 700 |
1 |
|
|a Gunther, Luiz Eduardo
|
| 700 |
1 |
|
|a Alves, Amauri Cesar
|
| 740 |
0 |
|
|a vLex Libros (Servicio en ln̕ea)
|
| 856 |
4 |
0 |
|u http://vlex.com/source/prote-o-saude-seguran-a-trabalho-22666
|z Acceso restringido
|
| 942 |
|
|
|c BOOK
|
| 999 |
0 |
|
|a Labor law and social security
|